[Event "Antalya-ch"]
[Site "Antalya"]
[Date "2014.11.16"]
[Round "3"]
[White "Bulut, Omer"]
[Black "Avci, Adem"]
[Result "1/2-1/2"]
[WhiteElo "1603"]
[BlackElo "1895"]
[PlyCount "43"]
[EventDate "2014.11.15"]
[EventType "swiss"]
[EventRounds "7"]
[EventCountry "TUR"]
[SourceTitle "EXT 2016"]
[Source "ChessBase"]
[SourceDate "2015.10.08"]
[SourceVersion "1"]
[SourceVersionDate "2015.10.08"]
[SourceQuality "1"]

1. e4 e6 2. c4 c5 3. Nc3 Nc6 4. Nf3 g6 5. Be2 Bg7 6. 0-0 Nge7 7. d4 Nxd4 8. Nxd4 cxd4 9. Nb5 Qb6 10. a4 0-0 11. a5 Qc5 12. b4 Qe5 13. f4 Qxe4 14. Bf3 Qf5 15. g4 Qf6 16. g5 Qf5 17. Nd6 Qh3 18. Ra3 Qh4 19. Bg4 f5 20. gxf6 Qxf6 21. Ne4 Qf7 22. Nd6 1/2-1/2

[Event "TUR-ch"]
[Site "Antalya"]
[Date "2013.02.05"]
[Round "5"]
[White "Avci, Adem"]
[Black "Eminov, Orkhan"]
[Result "0-1"]
[WhiteElo "1908"]
[BlackElo "2251"]
[PlyCount "76"]
[EventDate "2013.02.02"]
[EventType "swiss"]
[EventRounds "11"]
[EventCountry "TUR"]
[SourceTitle "CBM 152 Extra"]
[Source "ChessBase"]
[SourceDate "2013.02.25"]
[SourceVersion "1"]
[SourceVersionDate "2013.02.25"]
[SourceQuality "1"]

1. d4 Nf6 2. c4 e5 3. dxe5 Ng4 4. Bf4 g5 5. Bg3 Bg7 6. Nf3 Nc6 7. Qd5 Qe7 8. Nc3 Ngxe5 9. Nxe5 Nxe5 10. e3 d6 11. Be2 0-0 12. Qd2 Be6 13. Nd5 Bxd5 14. cxd5 f5 15. f4 Nd7 16. fxg5 Qxg5 17. 0-0 Nc5 18. Bf4 Qf6 19. Rab1 a5 20. Bd3 Rae8 21. Rf3 a4 22. Rg3 Kh8 23. Bg5 Qf7 24. Bc2 b5 25. Rf1 Re5 26. Qb4 Qxd5 27. Bf4 Ree8 28. Qxb5 Rb8 29. Qa5 Rf7 30. b4 Qd2 31. Bxa4 Ne4 32. Rgf3 Qxb4 33. Qd5 Rbf8 34. Bb3 Nd2 35. Bg5 Nxf1 36. Rxf1 h6 37. Bf4 Rf6 38. Bg3 Qc5 0-1

[Event "TUR-ch"]
[Site "Antalya"]
[Date "2013.02.02"]
[Round "1"]
[White "Yassibag, Ipek Asli"]
[Black "Avci, Adem"]
[Result "0-1"]
[WhiteElo "1430"]
[BlackElo "1908"]
[PlyCount "77"]
[EventDate "2013.02.02"]
[EventType "swiss"]
[EventRounds "11"]
[EventCountry "TUR"]
[SourceTitle "CBM 152 Extra"]
[Source "ChessBase"]
[SourceDate "2013.02.25"]
[SourceVersion "1"]
[SourceVersionDate "2013.02.25"]
[SourceQuality "1"]

1. e4 c5 2. c3 d5 3. exd5 Qxd5 4. Nf3 Nc6 5. Na3 Bg4 6. Be2 Rd8 7. 0-0 g6 8. Nb5 Qd7 9. d4 a6 10. Na3 cxd4 11. cxd4 Bxf3 12. Bxf3 Nxd4 13. Be3 Bg7 14. Rb1 Nh6 15. Nc2 Nhf5 16. Bg4 Nxc2 17. Qxc2 0-0 18. Bxf5 Qxf5 19. Qxf5 gxf5 20. b3 Bd4 21. Rfe1 e6 22. Bg5 f6 23. Be3 e5 24. Rbc1 Rf7 25. Kf1 f4 26. Bxd4 Rxd4 27. Rcd1 Rfd7 28. Ke2 Rxd1 29. Rxd1 Rxd1 30. Kxd1 Kf7 31. f3 f5 32. g4 fxg3 33. hxg3 Kg6 34. Ke2 Kg5 35. Ke3 h5 36. b4 e4 37. a4 exf3 38. Kxf3 b6 39. Kf2 0-1

[Event "Antalya op"]
[Site "Antalya"]
[Date "2011.01.08"]
[Round "1"]
[White "Cihangir, Gulderen"]
[Black "Avci, Adem"]
[Result "0-1"]
[WhiteElo "1517"]
[BlackElo "1767"]
[PlyCount "88"]
[EventDate "2011.01.08"]
[EventType "swiss"]
[EventRounds "9"]
[EventCountry "TUR"]
[SourceTitle "EXT 2012"]
[Source "ChessBase"]
[SourceDate "2011.11.24"]
[SourceVersion "1"]
[SourceVersionDate "2011.11.24"]
[SourceQuality "1"]

1. e4 e5 2. Nf3 Nc6 3. Bc4 Bc5 4. c3 Nf6 5. d4 exd4 6. cxd4 Bb4+ 7. Bd2 Bxd2+ 8. Nbxd2 d5 9. exd5 Nxd5 10. Qb3 Nce7 11. 0-0 0-0 12. Rfe1 c6 13. Rac1 Qb6 14. Qxb6 axb6 15. Ne4 Rd8 16. Ne5 f6 17. Nd3 Kf8 18. f3 Nc7 19. Nf4 Rxd4 20. Red1 Nf5 21. g4 Rxd1+ 22. Rxd1 Ne3 23. Rc1 Nxc4 24. Rxc4 Rxa2 25. Nd6 Ra8 26. b3 Ke7 27. Ne4 Be6 28. Nxe6 Nxe6 29. Ra4 Rxa4 30. bxa4 Nc5 31. Nxc5 bxc5 32. Kf2 Kd6 33. Ke3 Kd5 34. Kd3 g5 35. h3 c4+ 36. Kc3 b6 37. Kc2 Kd4 38. Kd2 c3+ 39. Kc2 Ke3 40. Kxc3 Kxf3 41. Kd4 Kg3 42. Ke4 Kxh3 43. Kf5 Kg3 44. Kxf6 Kxg4 0-1